MARC

LEADER 00000nam0a2200000 4500
001 93121
005 20231031105039.0
010 |a 5724501538 
020 |a RU  |b 89-53690 
035 |a (RuTPU)RU\TPU\book\99729 
090 |a 93121 
100 |a 20060325d1989 km y0rusy5003 ca 
101 0 |a rus 
102 |a RU 
105 |a a z 001zy 
200 1 |a Экстракция средних нефтяных фракций  |f Н. Н. Красногорская [и др.] 
210 |a Москва  |c Химия  |d 1989 
215 |a 70,[1] с.  |c ил. 
225 1 |a Химия - промышленности 
320 |a Библиогр.: с. 66-71 (170 назв.). 
610 1 |a углеводороды нефтяные ароматические 
610 1 |a химическая технология 
610 1 |a нефтяные фракции 
610 1 |a экстракция 
610 1 |a ароматические углеводороды 
610 1 |a выделение 
610 1 |a оценка 
610 1 |a качество 
675 |a 665.63  |z rus 
701 1 |a Красногорская  |b Н. Н.  |g Наталия Николаевна 
701 1 |a Габдикеева  |b А. Р.  |g Альфия Римовна 
701 1 |a Грушевенко  |b А. Э.  |g Александр Эдуардович 
701 1 |a Хлесткин  |b Р. Н.  |g Рудольф Николаевич 
801 0 |a RU  |b RuMRKP  |c 19950417  |g psbo 
801 1 |a RU  |b 63413507  |c 20060325  |g PSBO 
801 2 |a RU  |b 63413507  |c 20130610  |g PSBO 
942 |c BK